01110nam a2200265Ia 4500003000400000005001700004008004100021020001800062040001800080041000800098082002600106245010700132250001200239260003800251300002700289650006000316650003400376650010000410700003400510700003700544700003500581942003500616999001900651952017400670OSt20250125110630.0210716s2012 xx 000 0 und d a9789350620274 cAIMIT LIBRARY aeng a001.0726583 21bMISS aRe-inventing HR in coming decades /cEdited by Snigdha Mishra, Shrimi Srivastava and Preeti Narwndra.  a1st ed. aNew Delhi :bExcel Books ,c2012. axiv,354p. ;bPBc25 cm aTalent management : an important aspect of SHRM9195458 aIssues in performance9195459 aOrganisation development through action research model: a case of an advertising agency9195460 aMishra, Snidgha., ed.9195461 aSrivastava, Shrimi., ed.9195462 aNarendra, Preeti., ed.9195463 2ddccBKe1stk001.0726583 MISS c192642d192642 00102ddc40708MCAaAIMITbAIMITeKnowledge Worldg595.00iBill no:1349; Bill dt:2012-09-19l0o001.0726583 MISSpMCA12150r2025-07-21 00:00:00v446.25w2021-07-16yBK